ბათუმის შოთა რუსთაველის სახელმწიფო უნივერსიტეტის ბიბლიოთეკა

Судебное разбирательство по уголовному делу (ბიბ.ჩანაწერი № 35063)

000 -LEADER
fixed length control field 00612nam a2200205Ia 4500
001 - CONTROL NUMBER
control field 903
003 - CONTROL NUMBER IDENTIFIER
control field GE_BSU
008 - FIXED-LENGTH DATA ELEMENTS--GENERAL INFORMATION
fixed length control field 181216s||||||||xx |||||||||||||| ||und||
040 ## - CATALOGING SOURCE
Transcribing agency GE_BSU
080 ## - UNIVERSAL DECIMAL CLASSIFICATION NUMBER
Universal Decimal Classification number 343
100 ## - MAIN ENTRY--PERSONAL NAME
Personal name Загорский,Г.И.
245 ## - TITLE STATEMENT
Title Судебное разбирательство по уголовному делу
260 ## - PUBLICATION, DISTRIBUTION, ETC.
Place of publication, distribution, etc. Москва
260 ## - PUBLICATION, DISTRIBUTION, ETC.
Name of publisher, distributor, etc. ,,Юридическая литература",
260 ## - PUBLICATION, DISTRIBUTION, ETC.
Date of publication, distribution, etc. 1985
300 ## - PHYSICAL DESCRIPTION
Extent 110 с.
653 ## - INDEX TERM--UNCONTROLLED
Uncontrolled term Судебное разбирательства по уголовному делу.
942 ## - ADDED ENTRY ELEMENTS (KOHA)
Koha item type წიგნი
ეგზემპლარები
Withdrawn status Lost status Damaged status Not for loan Date acquired Barcode Date last seen Price effective from Koha item type
        2018-12-17 1758 2018-12-17 2018-12-17 წიგნი